MARC details
| 000 -CABECERA |
| campo de control de longitud fija |
02086nas a2200301 i 4500 |
| 003 - IDENTIFICADOR DEL NÚMERO DE CONTROL |
| campo de control |
DO-SdBNP |
| 005 - FECHA Y HORA DE LA ÚLTIMA TRANSACCIÓN |
| campo de control |
20260430140656.0 |
| 007 - CAMPO FIJO DE DESCRIPCIÓN FÍSICA--INFORMACIÓN GENERAL |
| campo de control de longitud fija |
ta |
| 008 - DATOS DE LONGITUD FIJA--INFORMACIÓN GENERAL |
| campo de control de longitud fija |
260430e2024 dr fr|p|r||||||0| | spa d |
| 022 ## - NÚMERO INTERNACIONAL NORMALIZADO PARA PUBLICACIONES SERIADAS |
| Número Internacional Normalizado para Publicaciones Seriadas |
3060-9577 |
| 040 ## - FUENTE DE LA CATALOGACIÓN |
| Centro catalogador/agencia de origen |
DO-SdBNP |
| Lengua de catalogación |
spa |
| Centro/agencia transcriptor |
BNPHU |
| Normas de descripción |
rda |
| 041 ## - CÓDIGO DE LENGUA |
| Código de lengua del texto/banda sonora o título independiente |
spa |
| 110 ## - ENTRADA PRINCIPAL--NOMBRE DE ENTIDAD CORPORATIVA |
| Nombre de entidad corporativa o nombre de jurisdicción como elemento de entrada |
Instituto Nacional de Formación y Capacitación del Magisterio, INAFOCAM |
| 9 (RLIN) |
75033 |
| 245 ## - MENCIÓN DE TÍTULO |
| Título |
Horizonte formativo / |
| Mención de responsabilidad, etc. |
Instituto Nacional de Formación y Capacitación del Magisterio, INAFOCAM. |
| 264 ## - PRODUCCIÓN, PUBLICACIÓN, DISTRIBUCIÓN, FABRICACIÓN Y COPYRIGHT |
| Producción, publicación, distribución, fabricación y copyright |
Santo Domingo, República Dominicana : |
| Nombre del de productor, editor, distribuidor, fabricante |
Instituto Nacional de Formación y Capacitación del Magisterio, INAFOCAM, |
| Fecha de producción, publicación, distribución, fabricación o copyright |
2024. |
| 300 ## - DESCRIPCIÓN FÍSICA |
| Extensión |
volumen : |
| Otras características físicas |
ilustraciones, fotografías ; |
| Dimensiones |
28 x 21 cm. |
| 336 ## - TIPO DE CONTENIDO |
| Término de tipo de contenido |
texto |
| Código de tipo de contenido |
txt |
| Fuente |
rdacontent |
| 337 ## - TIPO DE MEDIO |
| Nombre/término del tipo de medio |
sin mediación |
| Código del tipo de medio |
n |
| Fuente |
rdamedia |
| 338 ## - TIPO DE SOPORTE |
| Nombre/término del tipo de soporte |
volumen |
| Código del tipo de soporte |
nc |
| Fuente |
rdacarrier |
| 362 ## - FECHAS DE PUBLICACIÓN Y/O DESIGNACIÓN SECUENCIAL |
| Fecha de publicación y/o designación secuencial |
Volumen 1. No 1, (enero-junio 2024). |
| 500 ## - NOTA GENERAL |
| Nota general |
Catalogación basada en el: Volumen 1. No 1, (enero-junio 2024). |
| 520 ## - SUMARIO, ETC. |
| Sumario, etc. |
El horizonte formativo del Inafocam se centra en la mejora continua y la innovación en la formación docente. La institución ha lanzado la estrategia INAFOCAM DIGITAL, que busca modernizar la gestión formativa del personal docente mediante la implementación de tecnologías emergentes como la inteligencia artificial. Esta estrategia no solo es una plataforma, sino un ecosistema que articulará la planificación, evaluación y mejora de la formación docente. El Inafocam también ha ampliado el acceso a programas de formación inicial, continua y de postgrado, especialmente en zonas rurales y vulnerables, otorgando becas a docentes, técnicos, directivos y bachilleres de alto rendimiento. |
| 650 #0 - PUNTO DE ACCESO ADICIONAL DE MATERIA--TÉRMINO DE MATERIA |
| Término de materia o nombre geográfico como elemento de entrada |
Educación |
| Subdivisión de forma |
Publicaciones periódicas |
| 9 (RLIN) |
51588 |
| Subdivisión geográfica |
República Dominicana |
| 650 #0 - PUNTO DE ACCESO ADICIONAL DE MATERIA--TÉRMINO DE MATERIA |
| Término de materia o nombre geográfico como elemento de entrada |
Formación profesional de maestros |
| Subdivisión de forma |
Publicaciones periódicas |
| Subdivisión geográfica |
República Dominicana |
| 9 (RLIN) |
79308 |
| 650 #0 - PUNTO DE ACCESO ADICIONAL DE MATERIA--TÉRMINO DE MATERIA |
| Término de materia o nombre geográfico como elemento de entrada |
Política educativa |
| Subdivisión general |
Publicaciones periódicas |
| Subdivisión geográfica |
República Dominicana |
| 9 (RLIN) |
17415 |
| 650 #0 - PUNTO DE ACCESO ADICIONAL DE MATERIA--TÉRMINO DE MATERIA |
| Término de materia o nombre geográfico como elemento de entrada |
Capacitación profesional de maestros |
| Subdivisión de forma |
Publicaciones periódicas |
| Subdivisión geográfica |
República Dominicana |
| 9 (RLIN) |
82159 |
| 942 ## - ELEMENTOS DE PUNTO DE ACCESO ADICIONAL (KOHA) |
| Fuente del sistema de clasificación o colocación |
Dewey Decimal Classification |
| Tipo de ítem Koha |
Publicación periódica |